UITU Library & LRC     

CCIE Professional Development: routing TCP /IP V-1 (Record no. 7741)

MARC details
000 -LEADER
fixed length control field 00495nam a2200181Ia 4500
008 - FIXED-LENGTH DATA ELEMENTS--GENERAL INFORMATION
fixed length control field 240925s9999 xx 000 0 und d
020 ## - INTERNATIONAL STANDARD BOOK NUMBER
International Standard Book Number NA
082 ## - DEWEY DECIMAL CLASSIFICATION NUMBER
Classification number 004.67 DOY
100 ## - MAIN ENTRY--PERSONAL NAME
Personal name Doyle, Jeff
245 #0 - TITLE STATEMENT
Title CCIE Professional Development: routing TCP /IP V-1
250 ## - EDITION STATEMENT
Edition statement NA
260 ## - PUBLICATION, DISTRIBUTION, ETC.
Place of publication, distribution, etc. Indianapolis:
Name of publisher, distributor, etc. CISCO
Date of publication, distribution, etc. ,2001.
300 ## - PHYSICAL DESCRIPTION
Extent xl,800p.
Other physical details NA
Type of unit Original
500 ## - GENERAL NOTE
General note Includes Index
600 ## - SUBJECT ADDED ENTRY--PERSONAL NAME
Personal name Computer Science
650 ## - SUBJECT ADDED ENTRY--TOPICAL TERM
Topical term or geographic name entry element Computer science, information & general works
942 ## - ADDED ENTRY ELEMENTS (KOHA)
Koha item type Books
Holdings
Withdrawn status Lost status Damaged status Not for loan Collection Home library Current library Date acquired Source of acquisition Cost, normal purchase price Total checkouts Full call number Barcode Date last seen Price effective from Koha item type Source of classification or shelving scheme Shelving location Public note
        Computer Science UITU Library UITU Library 09/18/2003 F.B.C 550.00   004.67 DOY Q5242 09/25/2024 09/25/2024 Books      
          UITU Library UITU Library 05/26/2025 Gifted by Dr. Waseem Akhter     004.67 DOY G110 05/26/2025 05/26/2025 Gifted & Donated Books Dewey Decimal Classification Gifted Books Gifted by Dr. Waseem Akhter

Powered by Koha